00753cam a2200229 a 450000100100000000500170001000800410002702000150006804000250008304300090010808200180011710000330013524500570016826000390022530000210026465000280028565000310031391000280034404900090037295201270038199900150050800000777220200929154308.0900328s1983 sp 000 f spa d a8439802641 aDO-SdBNPcDLCdBNPHU ae-sp a863.64bF677p1 aFont Surroca, Carlos,92147110aPrincesa Inés :b1952-1981 /cCarlos Font Surroca. aBarcelona :bManuel Pareja,c1983. a408 p. ;c20 cm. 4aNovela española91123 4aLiteratura española9632 aCatalogación derivada aBNGR 001053728MOaGRbGRcCTd2009-09-10iLF1l0o863.64 F677pp7772-10r2020-06-25te. 1w2020-06-25y2ZPréstamo interno c7550d7550